[Event "Balaguer op 14th"]
[Site "Balaguer"]
[Date "2009.07.15"]
[Round "3"]
[White "Frances Cuscullola, Oriol"]
[Black "Naval Vidiella, Juan Luis"]
[Result "1-0"]
[WhiteElo "2026"]
[BlackElo "1586"]
[PlyCount "71"]
[EventDate "2009.07.13"]
[EventType "swiss"]
[EventRounds "10"]
[EventCountry "ESP"]
[SourceTitle "CBM 131 Extra"]
[Source "ChessBase"]
[SourceDate "2009.09.03"]
[SourceVersion "2"]
[SourceVersionDate "2009.09.16"]
[SourceQuality "1"]

1. d3 d6 2. a3 Nf6 3. g3 g6 4. b4 Bg7 5. Bg2 0-0 6. Bb2 Nbd7 7. Nf3 e5 8. Nbd2 c6 9. 0-0 Nb6 10. c4 Qc7 11. a4 a5 12. c5 dxc5 13. Bxe5 Qe7 14. bxc5 Nbd7 15. Bd6 Qe8 16. d4 Ne4 17. Nxe4 Qxe4 18. Bxf8 Kxf8 19. e3 Qe7 20. Rb1 Nf6 21. Nd2 Bf5 22. Rb3 Be6 23. Rb2 Bd5 24. Qb1 Ra7 25. Rc1 Bxg2 26. Kxg2 h5 27. Nc4 Nd5 28. Nd6 Nb4 29. Nc8 Qg5 30. Nxa7 h4 31. Qe4 hxg3 32. hxg3 f5 33. Qh4 Qxh4 34. gxh4 Nd3 35. Rcb1 Nxb2 36. Rxb2 1-0

[Event "Aragon-chT"]
[Site "Aragon"]
[Date "2008.04.19"]
[Round "10"]
[White "Naval Vidiella, Juan Luis"]
[Black "Hernando Garcia, Antonio"]
[Result "1/2-1/2"]
[WhiteElo "1704"]
[BlackElo "2212"]
[PlyCount "95"]
[EventDate "2008.02.02"]
[EventType "team-swiss"]
[EventRounds "12"]
[EventCountry "ESP"]
[SourceTitle "EXT 2011"]
[Source "ChessBase"]
[SourceDate "2010.11.26"]
[SourceVersion "1"]
[SourceVersionDate "2010.11.26"]
[SourceQuality "1"]

1. e4 d5 2. exd5 Qxd5 3. Nc3 Qd8 4. d4 c6 5. h3 Bf5 6. Nf3 e6 7. Bc4 Nd7 8. a3 Ngf6 9. Bf4 Be7 10. 0-0 0-0 11. Re1 Rc8 12. Bb3 h6 13. Qe2 Re8 14. Rad1 Nd5 15. Nxd5 cxd5 16. Ba4 a6 17. Rc1 b5 18. Bb3 Qb6 19. c3 a5 20. Ne5 Nxe5 21. Bxe5 Red8 22. Bc2 Bxc2 23. Rxc2 Bd6 24. Qg4 Bxe5 25. Rxe5 b4 26. axb4 axb4 27. Qe2 Rc4 28. Re3 Rdc8 29. Rd3 R8c6 30. Kh1 Qc7 31. Qd2 Kf8 32. Rc1 Ke7 33. Rg3 g5 34. Rf3 bxc3 35. Rcxc3 Ra6 36. g3 Rxc3 37. bxc3 Ra1+ 38. Kg2 Qa5 39. Qb2 Qa6 40. Qb4+ Qd6 41. Qb7+ Qd7 42. Qb4+ Ke8 43. Qb8+ Ke7 44. Qb4+ Ke8 45. Qb8+ Qd8 46. Qxd8+ Kxd8 47. Rxf7 Rc1 48. Rf3 1/2-1/2